=LDR 00000nam 2200000 4500 =001 INLIS000000000005710 =005 20130612093925 =008 ***********************************Ind** =035 ##$$0010-061300000005710 =041 ##$$a Ind =082 ##$$a 091.598 =090 ##$$a 091.598 Ast a =100 ##$$a Astuti, Renggo =245 ##$$a Abstraksi hasil kajian naskah-naskah nusantara/Renggo Astuti =260 ##$$a 1995 $b Jakarta : Eka Putra =300 ##$$a 149 hlm. ; 21 cm =650 ##$$a Indonesia-Manuskrip